| 000 | 00398nam a22001217a 4500 | ||
|---|---|---|---|
| 999 |
_c217 _d217 |
||
| 005 | 20200810173455.0 | ||
| 008 | 200810b ||||| |||| 00| 0 eng d | ||
| 020 | _a0520046749 | ||
| 040 | _cCML | ||
| 245 |
_aClass Awareness in The United States. _cJackman M.R., Jackman R.W |
||
| 260 |
_aBerkeley _bUniversity of California Press _c1983 |
||
| 942 |
_2ddc _cBK _e1st Edition _h305.50973 _mJAC |
||